World War II Battles and Operation Code Names - Statistics

General Stats
  • This quiz has been taken 31 times
  • The average score is 7 of 13
Answer Stats
Hint Answer % Correct
Turning point in the pacific front Battle of Midway
89%
Code Name for Germany's invasion of Russia Operation Barbarossa
82%
Bloodiest battle of the war Battle of Stalingrad
79%
Battle for air superiority over the English Channel Battle of Britain
75%
German last ditch effort to regain lost land Battle of the Bulge
75%
Codename given to the D-Day landings Operation Overlord
68%
Raid on Tokyo in retaliation for Pearl Harbor Doolittle Raid
57%
Bloodiest battle fought on German soil Battle of Berlin
46%
Longest battle of World War II Battle of the Atlantic
25%
Staged incident by the Japanese government to engage China in war Marco Polo Bridge Incident
25%
Early defeat for the Allied navies in the Dutch East Indies Battle of the Java Sea
21%
Operation to airlift supplies to the Chinese in 1942 Operation Market Garden
14%
Codename for the Battle of Guadalcanal Operation Watchtower
11%
No matching quizzes found
Score Distribution
Percent of People with Each Score
Percentile by Number Answered
Your Score History
You have not taken this quiz